00293nam a2200097Ia 4500008004100000245002000041260002500061300002000086650001100106856007800117160712s9999 xx 000 0 und d aDate with Helen c2012bDiliman Review avol. 59 no. 1-4 xPOETRY uhttp://journals.upd.edu.ph/index.php/dilimanreview/issue/view/390/showToc